[Event "Tourn. n9538"]
[Site "www.chess-mail.com"]
[Date "2017.10.14"]
[Round "1"]
[White "Cjood"]
[Black "Caspito"]
[WhiteElo "1980"]
[BlackElo "1870"]
[Result "0-1"]
[Round "1"]
1.e4 e5
2.Ng1f3 Nb8c6
3.Bf1c4 Bf8c5
4.O-O Qd8f6
5.c3 Ng8h6
6.b4 Bc5b6
7.a4 a6
8.d3 O-O
9.Bc1g5 Qf6g6
10.Nb1d2 d6
11.Qd1b3 Nh6g4
12.Ra1b1 Ng4xh2
13.Kxh2 Qg6h5
14.Kg1 Bc8g4
15.Qb3d1 Bb6a7
16.b5 Nc6a5
17.Bc4d5 Ba7c5
18.bxa6 Ra8xa6
19.Bd5xb7 Na5xb7
20.Rb1xb7 Bc5b6
21.c4 Bg4d7
22.Bg5e7 Rf8a8
23.Be7xd6 Bd7xa4
24.Qd1b1 Ba4c6
25.Bd6xc7 Bc6xb7
26.Bc7xb6 Qh5g6
27.Nf3xe5 Qg6xb6
28.Qb1xb6 Ra6xb6
29.Ne5d7 Rb6d6
30.Nd7c5 Ra8a7
31.Nc5xb7 Ra7xb7
32.Rf1a1 h5
33.Ra1a3 g5
34.c5 Rd6e6
35.f3 Kg7
36.d4 g4
37.d5 Re6g6
38.f4 g3
39.c6 Rb7b2
40.Ra3d3 Rg6g4
41.Nd2f1 h4
42.d6 Rg4xf4
43.d7 Rf4f2
44.Rd3d2 Rf2xd2
45.Nf1xd2 Rb2xd2
46.c7 Rd2d1

0-1

[Event "Tourn. n9460"]
[Site "www.chess-mail.com"]
[Date "2017.10.14"]
[Round "1"]
[White "Rons"]
[Black "Conde7"]
[WhiteElo "2550"]
[BlackElo "2850"]
[Result "1/2-1/2"]
[Round "1"]
1.e4 e5
2.Ng1f3 Nb8c6
3.Bf1b5 a6
4.Bb5a4 Ng8f6
5.O-O Bf8e7
6.Rf1e1 b5
7.Ba4b3 O-O
8.c3 d5
9.exd5 Nf6xd5
10.Nf3xe5 Nc6xe5
11.Re1xe5 c6
12.d4 Be7d6
13.Re5e1 Qd8h4
14.g3 Qh4h3
15.Bc1e3 Bc8g4
16.Qd1d3 Ra8e8
17.Nb1d2 Qh3h5
18.Bb3c2 Qh5h3
19.Qd3f1 Qh3h5
20.Nd2e4 Bd6c7
21.Be3d2 f5
22.Ne4g5 f4
23.Re1xe8 Rf8xe8
24.Ra1e1 Re8f8
25.gxf4 Rf8xf4
26.h4 h6
27.Bd2xf4 Nd5xf4
28.Bc2b3 Kh8
29.Bb3f7 g6
30.Re1e8 Kg7
31.Re8g8 Kf6
32.f3 hxg5
33.Bf7xg6 Qh5xh4
34.fxg4 Qh4xg4
{ draw }
1/2-1/2

[Event "Tourn. n9567"]
[Site "www.chess-mail.com"]
[Date "2017.10.14"]
[Round "1"]
[White "Begory"]
[Black "Joaodelisboa"]
[WhiteElo "1610"]
[BlackElo "1599"]
[Result "0-1"]
[Round "1"]
1.d4 Ng8f6
2.Bc1f4 d5
3.Nb1c3 e6
4.Ng1f3 Bf8d6
5.Bf4g5 O-O
6.e3 c5
7.dxc5 Bd6xc5
8.Bg5xf6 Qd8xf6
9.Nf3d4 a6
10.Nd4f3 Bc8d7
11.e4 dxe4
12.Nc3xe4 Qf6e7
13.Ne4xc5 Qe7xc5
14.Bf1d3 Bd7c6
15.O-O Nb8d7
16.Rf1e1 Nd7f6
17.Nf3d4 Ra8d8
18.f4 Qc5xd4
19.Kh1 Qd4xf4
20.Re1f1 Qf4g5
21.Qd1e2 Rd8d4
22.Ra1d1 Rd4g4
23.Rf1f2 Nf6h5
24.h3 Nh5g3
{ resign }
0-1

[Event "Tourn. n9568"]
[Site "www.chess-mail.com"]
[Date "2017.10.14"]
[Round "1"]
[White "Fantomas"]
[Black "Coolant"]
[WhiteElo "2220"]
[BlackElo "2280"]
[Result "0-1"]
[Round "1"]
1.c4 Ng8f6
2.d4 e5
3.dxe5 Nf6g4
4.Ng1f3 Nb8c6
5.Bc1f4 Bf8b4
6.Nb1d2 Qd8e7
7.a3 Ng4xe5
8.axb4 Ne5d3
{ resign }
0-1

[Event "Tourn. n9559"]
[Site "www.chess-mail.com"]
[Date "2017.10.14"]
[Round "1"]
[White "Tonino1"]
[Black "Bojan"]
[WhiteElo "2170"]
[BlackElo "2020"]
[Result "1-0"]
[Round "1"]
1.d4 g6
2.f4 d5
3.e3 Bf8g7
4.Bf1d3 a6
5.Ng1f3 f6
6.O-O Nb8c6
7.c3 e6
8.Nb1d2 Ng8e7
9.Qd1e2 Nc6a7
10.e4 c6
11.e5 f5
12.h4 h6
13.b3 Bc8d7
14.Bc1a3 Na7b5
15.Bd3xb5 axb5
16.Ba3xe7 Kxe7
17.b4 b6
18.Nd2b3 Bg7f8
19.a3 Ra8a7
20.Ra1a2 Kf7
21.Rf1a1 Ra7a4
22.g3 Bf8e7
23.Nb3c1 Kg7
24.Nc1d3 g5
25.Qe2h2 Bd7e8
26.Nd3b2 Ra4a6
27.a4 Qd8a8
28.Qh2c2 gxf4
29.gxf4 Be8h5
30.Qc2f2 Rh8g8
31.Kh2 Kh7
32.a5 Bh5xf3
33.Qf2xf3 Be7xh4
34.Qf3h5 Bh4g3
35.Kh1 Bg3xf4
36.Qh5f7 Rg8g7
37.Qf7xe6 Rg7g5
38.Qe6f7 Kh8
39.Nb2d3 Bf4g3
40.Ra1f1 Qa8g8
41.Qf7xg8 Kxg8
42.Rf1a1 Ra6a7
43.axb6 Ra7g7
44.Ra2a8 Kh7
45.Ra8a7 Rg5h5
46.Kg2 Rh5h2
47.Kf3 Bg3h4
48.Ra7xg7 Kxg7
49.b7 Rh2h3
50.Kf4 Rh3xd3
51.b8Q Kf7
52.Ra1a7 Bh4e7
53.Ra7xe7 Kxe7
54.Qb8d6 Kf7
55.e6 Kg7
56.Qd6e5 Kf8
57.Qe5xf5 { resign }
1-0

[Event "Tourn. n9530"]
[Site "www.chess-mail.com"]
[Date "2017.10.14"]
[Round "1"]
[White "Begory"]
[Black "Pachi"]
[WhiteElo "1409"]
[BlackElo "1620"]
[Result "1/2-1/2"]
[Round "1"]
1.d4 e6
2.Bc1f4 Nb8a6
3.e3 c5
4.Nb1c3 Qd8b6
5.Bf1xa6 bxa6
6.Ra1b1 Bc8b7
7.Ng1f3 cxd4
8.Qd1xd4 Bb7xf3
9.Qd4xb6 axb6
10.gxf3 Bf8b4
11.O-O Bb4xc3
12.bxc3 f6
13.Rb1xb6 e5
14.Bf4g3 g5
15.f4 Ng8e7
16.fxe5 fxe5
17.Bg3xe5 Rh8f8
18.Rf1b1 Kf7
19.Rb6f6 Kg8
20.Rf6xf8 Ra8xf8
21.Be5d6 Kf7
22.Bd6xe7 Kxe7
23.Rb1b6 Rf8a8
24.Rb6b4 a5
25.Rb4e4 Kd8
26.Re4e5 h6
27.Re5f5 Ke7
28.Rf5b5 Kf6
29.Kg2 a4
30.Rb5b6 Kg7
31.Rb6b7 Ra8c8
32.Rb7xd7 Kg6
33.Rd7d3 Rc8b8
34.Rd3d6 Kh5
35.e4 Rb8b2
36.Rd6d2 Rb2xa2
37.e5 Ra2b2
38.e6 Rb2b8
39.e7 Rb8e8
40.Rd2d4 a3
41.Rd4a4 Re8xe7
42.Ra4xa3 Re7e2
43.Ra3a2 Kg6
{ draw }
1/2-1/2

[Event "Tourn. n9543"]
[Site "www.chess-mail.com"]
[Date "2017.10.14"]
[Round "1"]
[White "Mancini"]
[Black "Aperturaf"]
[WhiteElo "2470"]
[BlackElo "2630"]
[Result "1/2-1/2"]
[Round "1"]
1.d4 d5
2.c4 e6
3.Nb1c3 Ng8f6
4.cxd5 exd5
5.Bc1g5 Nb8d7
6.e3 Bf8e7
7.Bf1d3 c6
8.Ng1e2 Nf6h5
9.Bg5xe7 Qd8xe7
10.Qd1d2 O-O
11.O-O f5
12.f3 Nd7f6
13.Ra1e1 Qe7d6
14.Ne2c1 b6
15.Bd3e2 g6
16.Nc1d3 Bc8a6
17.Nd3e5 Ba6xe2
18.Nc3xe2 { draw }
1/2-1/2

[Event "Tourn. n9471"]
[Site "www.chess-mail.com"]
[Date "2017.10.14"]
[Round "1"]
[White "Numanoid"]
[Black "Faerieking"]
[WhiteElo "2420"]
[BlackElo "2270"]
[Result "0-1"]
[Round "1"]
1.d4 d5
2.c4 c6
3.Ng1f3 Ng8f6
4.Nb1c3 dxc4
5.a4 Bc8f5
6.Nf3e5 Nb8a6
7.e3 Na6b4
8.Bf1xc4 e6
9.O-O Bf8d6
10.Qd1e2 h6
11.e4 Bf5h7
12.Bc1f4 Qd8e7
13.Bf4g3 O-O
14.Bg3h4 g5
15.Bh4g3 Ra8d8
16.Ra1d1 a5
17.f4 Bd6b8
18.fxg5 hxg5
19.Rf1xf6 Qe7xf6
20.Ne5g4 Qf6g6
21.Bg3xb8 Rd8xb8
22.e5 Rb8d8
23.Ng4f6 Kh8
{ time. }
0-1

[Event "Match"]
[Site "www.echecsemail.com"]
[Date "2017.10.14"]
[Round "1"]
[White "Biggles"]
[Black "Cjood"]
[WhiteElo "2160"]
[BlackElo "2000"]
[Result "1-0"]
[Round "1"]
1.e4 e5
2.d4 exd4
3.Bf1c4 Bf8c5
4.Ng1f3 Qd8e7
5.O-O h6
6.c3 dxc3
7.Nb1xc3 b6
8.Rf1e1 Bc8b7
9.Nc3d5 Qe7d6
10.e5 Qd6c6
11.Qd1b3 Kd8
12.Bc1f4  { time }
1-0

[Event "Match"]
[Site "www.echecsemail.com"]
[Date "2017.10.14"]
[Round "1"]
[White "Micheles"]
[Black "Apoorva"]
[WhiteElo "2530"]
[BlackElo "1860"]
[Result "1-0"]
[Round "1"]
1.d4 d5
2.Ng1f3 Nb8c6
3.c3 Ng8f6
4.Bc1g5 g6
5.Nb1d2 h6
6.Bg5h4 Bf8g7
7.e3 Bc8g4
8.h3  { time }
1-0

[Event "Match"]
[Site "www.echecsemail.com"]
[Date "2017.10.14"]
[Round "1"]
[White "Mrmoto"]
[Black "Mokka0616"]
[WhiteElo "1700"]
[BlackElo "1459"]
[Result "1-0"]
[Round "1"]
1.e4 e5
2.Ng1f3 d6
3.Bf1c4 Bc8e6
4.Bc4xe6 fxe6
5.d4 Qd8f6
6.Bc1g5 Qf6g6
7.O-O h6
8.Bg5h4 exd4
9.Qd1xd4 Ng8f6
10.Nb1d2 e5
11.Qd4c3 Nf6xe4
12.Qc3xc7 Nb8d7
13.Nd2xe4  { time }
1-0

[Event "Match"]
[Site "www.echecsemail.com"]
[Date "2017.10.14"]
[Round "1"]
[White "Azocarfreund"]
[Black "Emmanuel69"]
[WhiteElo "1969"]
[BlackElo "1920"]
[Result "0-1"]
[Round "1"]
1.Ng1f3 d5
2.d4 Ng8f6
3.Nb1c3 e6
4.Bc1g5 Nb8d7
5.Nf3e5 Bf8e7
6.Bg5xf6 Nd7xf6
7.e3 a6
8.Bf1e2 O-O
9.Qd1d3 Rf8e8
10.O-O-O h6
11.g4 c5
12.h4 c4
13.Ne5xc4 dxc4
14.Qd3xc4 b5
15.Qc4d3 Bc8b7
16.Rh1g1 Nf6h7
17.g5 hxg5
18.e4 gxh4
19.Qd3h3 Kf8
20.Qh3g2 g5
21.Be2g4 f5
22.Bg4h5 g4
23.Bh5xe8 Qd8xe8
24.f4 Ra8c8
25.d5 Be7c5
26.Rg1e1 h3
27.Qg2e2 Nh7f6
28.d6 Qe8d7
29.a3 Nf6xe4
30.Kb1 Ne4xc3
31.bxc3 Bb7f3
32.Qe2e5 Kf7
33.Kb2 Bf3xd1
34.Re1xd1 g3
35.Qe5e2 Kg6
36.Rd1g1 g2
37.Rg1xg2 hxg2
38.Qe2xg2 Kf7
39.Qg2d2 Qd7xd6
40.Qd2h2 Bc5xa3
41.Kb3 Ke7
42.Qh2h7 Kd8
43.Qh7g8 Kc7
44.Qg8g7 Kb6
45.Qg7g1 Ba3c5
46.Qg1f1 Qd6d5
47.Kb2 a5
48.Qf1e1 Bc5d6
49.Qe1g1 Qd5c5
50.Qg1a1 Qc5a3
51.Kb1 Qa3xa1
52.Kxa1 Rc8xc3
{ resign }
0-1

[Event "Match"]
[Site "www.echecsemail.com"]
[Date "2017.10.14"]
[Round "1"]
[White "Apdash"]
[Black "Guidom"]
[WhiteElo "2210"]
[BlackElo "2160"]
[Result "1-0"]
[Round "1"]
1.e4 e5
2.Ng1f3 Nb8c6
3.Bf1b5 Nc6d4
4.Nf3xd4 exd4
5.O-O a6
6.Bb5a4 Bf8c5
7.d3 Ng8f6
8.Bc1g5 h6
9.Bg5h4 g5
10.Bh4g3 b5
11.Ba4b3 d6
12.f4 g4
13.Bg3h4 Qd8e7
14.e5 dxe5
15.fxe5 Bc8e6
16.Bh4xf6 { resign }
1-0

[Event "Match"]
[Site "www.echecsemail.com"]
[Date "2017.10.14"]
[Round "1"]
[White "Chapi"]
[Black "Apdash"]
[WhiteElo "2160"]
[BlackElo "2180"]
[Result "1/2-1/2"]
[Round "1"]
1.d4 d5
2.c4 Ng8f6
3.Nb1c3 e6
4.Bc1g5 Bf8e7
5.Ng1f3 c6
6.e3 h6
7.Bg5h4 a6
8.Bf1d3 dxc4
9.Bd3xc4 b5
10.Bc4d3 Bc8b7
11.b4 Be7xb4
12.Qd1b3 Qd8a5
13.O-O Bb4xc3
14.Ra1c1 Bc3b4
15.Rc1c2 Nb8d7
16.Rf1c1 Bb4e7
17.e4 Qa5d8
18.Bd3c4 Nf6xe4
19.Bc4xe6 fxe6
20.Qb3xe6 Ne4f6
21.Rc2e2 g5
22.Bh4xg5 hxg5
23.Nf3xg5 Rh8f8
24.Ng5h7 Rf8f7
25.Nh7g5 Rf7g7
26.Rc1e1 Nf6d5
27.Qe6h6 Rg7xg5
28.Qh6xg5 Nd7f6
29.Re2xe7 Nd5xe7
30.Qg5xf6 Ra8c8
31.Qf6g6 Kf8
32.Qg6f6 Ke8
{ draw }
1/2-1/2

[Event "Match"]
[Site "www.echecsemail.com"]
[Date "2017.10.14"]
[Round "1"]
[White "Cjood"]
[Black "Calponas"]
[WhiteElo "1820"]
[BlackElo "2030"]
[Result "0-1"]
[Round "1"]
1.e4 c5
2.Bf1c4 e6
3.Nb1c3 a6
4.Ng1f3 Nb8c6
5.O-O b5
6.Bc4xb5 axb5
7.Nc3xb5 Bc8a6
8.c4 Bf8e7
9.d3 Qd8b8
10.Nb5c3 Ng8f6
11.a3 O-O
12.Bc1d2 Rf8d8
13.g3 d5
14.e5 Nc6xe5
 { time }
0-1

[Event "Match"]
[Site "www.echecsemail.com"]
[Date "2017.10.14"]
[Round "1"]
[White "Begory"]
[Black "Joaodelisboa"]
[WhiteElo "1600"]
[BlackElo "1599"]
[Result "0-1"]
[Round "1"]
1.d4 Ng8f6
2.Bc1f4 e6
3.Nb1c3 Bf8b4
4.Qd1d2 Nf6e4
5.Qd2e3 d5
6.O-O-O Ne4xc3
7.bxc3 Bb4a3
8.Kd2 O-O
9.c4 Ba3d6
10.Bf4xd6 Qd8xd6
11.c5 Qd6e7
12.Rd1b1 b6
13.cxb6 cxb6
14.Ng1f3 Nb8c6
15.Nf3e5 Nc6a5
16.Qe3g3 Bc8b7
17.h4 Ra8c8
18.e3 Qe7c7
19.Bf1d3 f6
20.Ne5g4 Qc7xg3
21.fxg3 Na5c4
22.Bd3xc4 Rc8xc4
23.Rb1b3 h5
24.Ng4f2 e5
25.dxe5 fxe5
26.Rh1f1 d4
27.exd4 Rc4xd4
28.Kc1 Bb7xg2
29.Rf1d1 Rf8xf2
30.Rd1xd4 exd4
31.Rb3d3 Bg2e4
32.Rd3xd4 Rf2xc2
33.Kd1 Be4g6
34.Rd4d8 Kh7
35.Rd8d7 Rc2xa2
{ resign }
0-1

[Event "Match"]
[Site "www.echecsemail.com"]
[Date "2017.10.14"]
[Round "1"]
[White "Karlgrocer"]
[Black "Tonino1"]
[WhiteElo "2030"]
[BlackElo "2170"]
[Result "0-1"]
[Round "1"]
1.Ng1f3 Ng8f6
2.d4 g6
3.e3 Bf8g7
4.Bf1e2 O-O
5.O-O d6
6.Nb1d2 c6
7.c4 Qd8c7
8.Nd2b3 e5
9.dxe5 dxe5
10.Bc1d2 Rf8d8
11.Qd1c2 h6
12.Bd2c3 Nb8d7
13.Rf1d1 b6
14.Nf3xe5 Nd7xe5
15.Rd1xd8 Qc7xd8
16.Bc3xe5 Bc8f5
17.Qc2c1 Qd8e7
18.Be5c3 c5
19.Nb3d2 Ra8d8
20.Nd2f3 Bf5d3
21.Be2xd3 Rd8xd3
22.Nf3e5 Rd3xc3
23.bxc3 Qe7xe5
24.Ra1b1 Nf6e4
25.Qc1c2 Ne4xc3
26.Rb1f1 Qe5e4
27.Qc2b3 Qe4d3
28.g3 Qd3e4
29.Rf1e1 Qe4f3
{ resign }
0-1

[Event "Match"]
[Site "www.echecsemail.com"]
[Date "2017.10.14"]
[Round "1"]
[White "Apdash"]
[Black "Estonia"]
[WhiteElo "2160"]
[BlackElo "1990"]
[Result "1-0"]
[Round "1"]
1.d4 Ng8f6
2.c4 e6
3.Ng1f3 Bf8b4
4.Bc1d2 Bb4xd2
5.Nb1xd2 d5
6.e3 O-O
7.Bf1e2 b6
8.O-O Bc8b7
9.Nf3e5 Nb8d7
10.f4 c5
11.Ra1c1 cxd4
12.exd4 dxc4
13.Nd2xc4 Nd7xe5
14.fxe5 Nf6e8
15.Kh1 Qd8g5
16.Be2f3 Bb7xf3
17.Qd1xf3 f5
18.Qf3xa8 Ne8c7
19.Qa8c6 Qg5e7
20.Nc4d6 Nc7d5
21.Nd6xf5 Rf8xf5
22.Rf1xf5 { resign }
1-0

[Event "Match"]
[Site "www.echecsemail.com"]
[Date "2017.10.14"]
[Round "1"]
[White "Begory"]
[Black "Eulero76"]
[WhiteElo "1650"]
[BlackElo "1499"]
[Result "0-1"]
[Round "1"]
1.d4 Ng8f6
2.Bc1f4 g6
3.Nb1c3 d5
4.e3 Bf8g7
5.Nc3b5 Nb8a6
6.Nb5c3 Na6b8
7.a3 O-O
8.Nc3b5 Nb8a6
9.Ng1f3 c6
10.Nb5c3 Na6b8
11.Bf1d3 Nf6h5
12.Bf4xb8 Ra8xb8
13.O-O Qd8d6
14.e4 Nh5f4
15.exd5 cxd5
16.g3 Nf4xd3
17.Qd1xd3 Bc8f5
18.Qd3e2 e6
19.Nc3b5 Qd6b6
20.c3 a6
21.Nb5c7 Qb6xc7
22.Nf3e5 Bg7xe5
23.dxe5 Qc7c4
24.Qe2xc4 dxc4
25.Ra1d1 Rf8d8
26.Rd1b1 Bf5xb1
27.Rf1xb1 Rd8d2
28.Kg2 Rb8d8
29.a4 b5
30.h4 Rd8d5
{ resign }
0-1

[Event "Tourn. n9539"]
[Site "www.chess-mail.com"]
[Date "2017.10.15"]
[Round "1"]
[White "Cristiano"]
[Black "Dussek"]
[WhiteElo "1690"]
[BlackElo "1770"]
[Result "1-0"]
[Round "1"]
1.e4 e6
2.d4 d5
3.Nb1d2 c5
4.c3 Nb8c6
5.Ng1f3 Qd8b6
6.Qd1b3 Qb6c7
7.Bf1e2 Ng8e7
8.O-O c4
9.Qb3c2 Ne7g6
10.e5 Bc8d7
11.Rf1e1 O-O-O
12.b4 cxb3
13.axb3 Ng6f4
14.Nd2f1 Nf4xe2
15.Qc2xe2 Bf8e7
16.Bc1a3 Be7xa3
17.Ra1xa3 a6
18.b4 Nc6a7
19.Re1c1 Kb8
20.Ra3a2 Bd7b5
21.Qe2e3 Bb5c4
22.Ra2a5 Na7b5
23.Nf1d2 h6
24.Nd2xc4 Qc7xc4
25.Nf3d2 Qc4c7
26.Ra5a1 g5
27.Nd2b3 Rd8c8
28.Nb3c5 Rh8f8
29.Ra1xa6 b6
30.Nc5a4 Qc7b7
31.Ra6xb6 { resign }
1-0

[Event "Tourn. n9453"]
[Site "www.chess-mail.com"]
[Date "2017.10.15"]
[Round "1"]
[White "Vios"]
[Black "Passaroa25"]
[WhiteElo "1559"]
[BlackElo "1690"]
[Result "1-0"]
[Round "1"]
1.e4 c6
2.d4 e6
3.c4 Ng8e7
4.Nb1c3 Ne7g6
5.Ng1f3 Bf8e7
6.Bc1e3 d6
7.Bf1d3 Nb8d7
8.O-O O-O
9.a4 a5
10.Qd1d2 f6
11.Rf1d1 Nd7b6
12.b3 e5
13.Ra1c1 Bc8e6
14.d5 Be6f7
15.h4 Ng6h8
16.Nc3e2 Bf7e8
17.Ne2g3 h5
18.Ng3f5 Nh8f7
19.Nf5xe7 Qd8xe7
20.Be3xb6 Ra8a6
21.Bb6xa5 b6
22.Ba5c3 c5
23.Qd2e2 Nf7h8
24.Nf3e1 g6
25.Bc3d2 Be8d7
26.Ne1c2 Rf8f7
27.Nc2e3 Bd7g4
28.Ne3xg4 hxg4
29.Qe2xg4 Rf7g7
30.Qg4c8 Qe7f8
31.Qc8xa6 Qf8b8
32.Rc1b1 Nh8f7
33.b4 Rg7h7
34.g3 Nf7h6
35.Bd2xh6 Rh7xh6
36.bxc5 dxc5
37.Rb1xb6 Qb8d8
38.Rb6xf6 Qd8xf6
39.Qa6xf6 { resign }
1-0

[Event "Tourn. n9506"]
[Site "www.chess-mail.com"]
[Date "2017.10.15"]
[Round "1"]
[White "Samyaksamadh"]
[Black "Luban"]
[WhiteElo "1819"]
[BlackElo "2100"]
[Result "0-1"]
[Round "1"]
1.d4 d5
2.c4 dxc4
3.Ng1f3 e6
4.e3 b5
5.a4 c6
6.axb5 cxb5
7.b3 Bf8b4
8.Bc1d2 Bb4xd2
9.Nf3xd2 Ng8f6
10.bxc4 bxc4
11.Bf1xc4 Bc8b7
12.O-O O-O
13.Nb1c3 Nb8c6
14.Qd1e2 Nf6d5
15.Nc3xd5 exd5
16.Bc4d3 Rf8e8
17.Qe2h5 g6
18.Qh5h6 f5
19.Nd2f3 Qd8f6
20.Rf1b1 Re8e7
21.Nf3g5 Qf6g7
22.Qh6xg7 Kxg7
23.Ng5e6 Kf6
24.Ne6c5 Ra8b8
25.Nc5xb7 Rb8xb7
26.Kf1 Rb7xb1
27.Ra1xb1 Re7c7
28.Rb1c1 Ke6
29.Bd3b5 Kd6
30.Rc1a1 Nc6b4
31.Ra1b1 Nb4c6
32.Ke2 Rc7e7
 { time }
0-1

[Event "Tourn. n9540"]
[Site "www.chess-mail.com"]
[Date "2017.10.15"]
[Round "1"]
[White "Norlavuaram"]
[Black "Mitja"]
[WhiteElo "2070"]
[BlackElo "2000"]
[Result "1-0"]
[Round "1"]
1.e4 d5
2.exd5 Qd8xd5
3.Nb1c3 Qd5d8
4.d4 c6
5.Ng1f3 e6
6.Bf1c4 h6
7.Bc1e3 Ng8f6
8.O-O Bf8e7
9.Qd1d2 Nb8d7
10.Ra1d1 Nd7b6
11.Bc4b3 Nb6d5
12.Nc3xd5 Nf6xd5
13.c4 Nd5xe3
14.fxe3 b6
15.e4 Bc8b7
16.d5 cxd5
17.cxd5 exd5
18.exd5 O-O
19.d6 Be7f6
20.d7 Bb7c6
21.Qd2d6 Bc6xf3
22.Rf1xf3 Qd8e7
23.Qd6d3 Bf6xb2
24.Bb3xf7 Rf8xf7
25.d8Q { resign }
1-0

[Event "Tourn. n9539"]
[Site "www.chess-mail.com"]
[Date "2017.10.15"]
[Round "1"]
[White "Caspito"]
[Black "Cristiano"]
[WhiteElo "1870"]
[BlackElo "1690"]
[Result "0-1"]
[Round "1"]
1.e4 e5
2.Ng1f3 Nb8c6
3.Bf1c4 Ng8f6
4.Nf3g5 d5
5.exd5 Nf6xd5
6.Qd1f3 Bc8e6
7.d3 Bf8e7
8.Ng5xe6 fxe6
9.Qf3h5 g6
10.Qh5g4 Qd8c8
11.Bc4b5 O-O
12.O-O Nc6d4
13.Bb5a4 Nd5f6
14.Qg4h3 Nd4e2
15.Kh1 Ne2xc1
16.Rf1xc1 Nf6h5
17.Ba4b3 Nh5f4
18.Qh3g4 Rf8f6
19.Rc1e1 Be7d6
20.Nb1c3 Kg7
21.Nc3e4 Rf6f5
22.Re1e3 h5
23.Qg4d1 Nf4d5
24.Bb3xd5 exd5
25.Ne4xd6 cxd6
26.Re3g3 Qc8d8
27.b3 Kh7
28.Rg3f3 Qd8f6
29.c4 Rf5xf3
30.Qd1xf3 Qf6xf3
31.gxf3 dxc4
32.dxc4 Ra8d8
33.Ra1d1 Kg7
34.c5 d5
35.b4 Kf6
36.Kg2 Kf5
37.Kg3 d4
38.b5 g5
39.c6 bxc6
40.bxc6 h4
41.Kg2 Rd8c8
42.Rd1c1 g4
43.fxg4 Kxg4
44.f3 Kf4
45.Kf2 Rc8c7
46.Rc1c4 h3
47.a3 a6
48.Ke2 Kf5
49.Rc4c5 Ke6
50.Kd3 Kd6
51.Rc5c2 Kd5
52.Rc2c1 Rc7xc6
53.Rc1g1 Rc6c3
54.Ke2 Rc3c2
55.Kd3 Rc2xh2
56.Rg1g6 Rh2g2
57.Rg6xa6 h2
58.Ra6h6 Rg2a2
59.a4 Ra2xa4
60.Kc2 Ra4a2
61.Kd3 Ra2f2
62.Rh6h5 Rf2xf3
63.Ke2 Rf3a3
64.Kf2 Ra3a2
65.Kf3 Kc4
66.Kg3 e4
67.Rh5h6 Kd3
68.Rh6h3 e3
69.Kf3 Ra2f2
70.Kg3 Kd2
71.Rh3h4 d3
{ resign }
0-1

[Event "Tourn. n9518"]
[Site "www.chess-mail.com"]
[Date "2017.10.15"]
[Round "1"]
[White "Jesmantiz"]
[Black "Cjood"]
[WhiteElo "2220"]
[BlackElo "2010"]
[Result "1-0"]
[Round "1"]
1.d4 c5
2.d5 Qd8b6
3.e4 e5
4.c4 Qb6b4
5.Nb1c3 Ng8f6
6.Qd1c2 Bf8e7
7.Bc1d2 Qb4b6
8.Bf1e2 d6
9.Ng1f3 h6
10.Ra1b1 Bc8d7
11.O-O O-O
12.a3 a5
13.Nc3b5 Bd7xb5
14.cxb5 Nb8d7
15.h3 Nf6h5
16.Bd2e3 Nh5f4
17.Be2c4 Nf4g6
18.Kh2 Nd7f6
19.g3 Nf6d7
20.h4 Be7f6
21.h5 Ng6e7
22.Nf3h4 Kh7
23.Qc2e2 g5
24.hxg6 fxg6
25.Qe2g4  { time }
1-0

[Event "Tourn. n9545"]
[Site "www.chess-mail.com"]
[Date "2017.10.15"]
[Round "1"]
[White "Cjood"]
[Black "Apdash"]
[WhiteElo "2000"]
[BlackElo "2000"]
[Result "0-1"]
[Round "1"]
1.e4 c5
2.Ng1f3 e6
3.d4 cxd4
4.Nf3xd4 Nb8c6
5.Nd4xc6 bxc6
6.b3 d5
7.Bc1b2 Ng8f6
8.exd5 cxd5
9.g3 Bf8c5
10.Bf1g2 Bc8a6
11.Nb1d2 Qd8b6
12.Qd1f3 Bc5d4
13.Bb2xd4 Qb6xd4
14.c3 Qd4e5
15.Qf3e3 Qe5d6
16.O-O-O O-O
17.b4 Ba6b5
18.h3 a5
19.Nd2b3 axb4
20.cxb4 Qd6xb4
 { time }
0-1

[Event "Tourn. n9566"]
[Site "www.chess-mail.com"]
[Date "2017.10.15"]
[Round "1"]
[White "Apdash"]
[Black "Panham"]
[WhiteElo "2180"]
[BlackElo "2260"]
[Result "1-0"]
[Round "1"]
1.e4 e5
2.Ng1f3 Nb8c6
3.Bf1c4 Ng8f6
4.Nb1c3 Bf8e7
5.O-O O-O
6.d4 Nf6xe4
7.Bc4xf7 Rf8xf7
8.Nc3xe4 d5
9.Ne4g5 Rf7f8
10.dxe5 Nc6xe5
11.Nf3xe5 c6
12.Qd1h5 Be7xg5
13.Bc1xg5 Qd8c7
14.Ra1e1 Bc8f5
15.Re1e2 Ra8e8
16.Rf1e1 Bf5e4
17.Ne5d3 Qc7b6
18.Kh1 Be4g6
19.Qh5g4 Bg6e4
20.Bg5e3 Qb6b5
21.Be3d4 g6
22.Qg4d7 { resign }
1-0

[Event "Tourn. n9505"]
[Site "www.chess-mail.com"]
[Date "2017.10.15"]
[Round "1"]
[White "Esperanza"]
[Black "Dussek"]
[WhiteElo "1880"]
[BlackElo "1880"]
[Result "1-0"]
[Round "1"]
1.d4 d5
2.c4 e5
3.dxe5 d4
4.Ng1f3 Nb8c6
5.Nb1d2 Bf8b4
6.a3 Bb4c5
7.b4 Bc5e7
8.Nd2b3 Bc8f5
9.Bc1b2 d3
10.exd3 Qd8d7
11.b5 Nc6b8
12.Bf1e2 Qd7e6
13.Nb3d4 Qe6g6
14.Nd4xf5 Qg6xf5
15.O-O Nb8d7
16.d4 O-O-O
17.Be2d3 Qf5e6
18.Qd1a4 Kb8
19.c5 Be7xc5
20.Qa4c2 Bc5b6
21.a4 Bb6a5
22.Bd3c4 Qe6g6
23.Qc2xg6 fxg6
24.Nf3g5 Ng8h6
25.Ng5e6 Rd8f8
26.Ne6xf8 Rh8xf8
27.d5 Rf8e8
28.e6 Nd7f6
29.f3 Nh6f5
30.Rf1c1 Nf5e3
31.Bb2xf6 gxf6
32.Bc4b3 Ba5b6
33.Kh1 f5
34.a5 Bb6d4
35.Ra1a4 Bd4b2
36.Rc1e1 { resign }
1-0

[Event "Tourn. n9464"]
[Site "www.chess-mail.com"]
[Date "2017.10.15"]
[Round "1"]
[White "Roque1"]
[Black "Churrasca"]
[WhiteElo "1980"]
[BlackElo "1920"]
[Result "0-1"]
[Round "1"]
1.e4 c5
2.Ng1f3 d6
3.d4 cxd4
4.Nf3xd4 Ng8f6
5.Nb1c3 a6
6.Bf1e2 Nb8c6
7.Bc1e3 e6
8.Qd1d2 Bf8e7
9.O-O-O Bc8d7
10.f4 O-O
11.g4 Nc6xd4
12.Be3xd4 Bd7c6
13.Be2d3 e5
14.fxe5 dxe5
15.Bd4xe5 Nf6xg4
16.Be5xg7 Kxg7
17.Rh1g1 h5
18.h3 Be7g5
19.hxg4 Bg5xd2
20.Rd1xd2 Qd8g5
21.Rg1g2 hxg4
22.Kd1 f5
23.Rg2g3 f4
24.Rg3g2 f3
25.Rg2g3 f2
26.Bd3f1 Ra8d8
27.Rg3d3 Rd8xd3
28.cxd3 g3
29.Nc3e2 { time. }
0-1

[Event "Tourn. n9534"]
[Site "www.chess-mail.com"]
[Date "2017.10.15"]
[Round "1"]
[White "Bojan"]
[Black "Goofy"]
[WhiteElo "1990"]
[BlackElo "2300"]
[Result "0-1"]
[Round "1"]
1.e4 d5
2.exd5 Ng8f6
3.c4 c6
4.dxc6 Nb8xc6
5.h3 e5
6.Nb1c3 Bc8f5
7.d3 Nc6b4
8.Qd1a4 Qd8d7
9.Qa4xd7 Kxd7
10.Kd2 Ra8d8
11.a3 Nb4c6
12.Ng1f3 Kc8
13.Nf3h4 Bf5xd3
14.Bf1xd3 e4
15.Rh1e1 Rd8xd3
16.Kc2 Nc6d4
17.Kb1 Nd4b3
18.Ra1a2 Rd3d4
19.Bc1e3 Rd4xc4
20.Nh4f5 g6
21.Kc2 Nb3a5
22.Nf5g3 b6
23.b3 Rc4c6
24.b4 Nf6d5
25.Be3d4 Nd5xc3
26.Bd4xc3 Bf8g7
27.Ng3e2 Na5b7
28.Kb3 Bg7xc3
29.Ne2xc3 f5
30.Ra2d2 Rh8d8
31.Re1d1 Rd8xd2
32.Rd1xd2 Rc6d6
33.Rd2c2 Rd6d3
34.Ka4 Kb8
35.Kb3 Nb7d6
36.Rc2e2 a6
37.Kc2 Nd6c4
38.Nc3b1 Nc4xa3
39.Nb1xa3 Rd3xa3
40.Kb2 Ra3d3
41.Kc2 Kc7
42.Re2e1 Kc6
43.f3 Kb5
44.fxe4 fxe4
45.Re1xe4 Rd3g3
46.Re4h4 Rg3xg2
47.Kd3 Rg2g3
48.Kd4 h5
49.Rh4e4 Kxb4
50.h4 Rg3g4
{ resign }
0-1

[Event "Tourn. n9569"]
[Site "www.chess-mail.com"]
[Date "2017.10.15"]
[Round "1"]
[White "Apdash"]
[Black "Coolant"]
[WhiteElo "2160"]
[BlackElo "2280"]
[Result "0-1"]
[Round "1"]
1.e4 e5
2.Ng1f3 Nb8c6
3.Bf1c4 Ng8f6
4.Nb1c3 Nf6xe4
5.Bc4xf7 Kxf7
6.Nc3xe4 d5
7.Ne4g3 e4
8.Nf3g1 Qd8h4
9.Ng1e2 Bf8d6
10.O-O Nc6e5
11.Ne2d4 Bc8g4
12.Qd1e1 Ra8e8
13.Nd4f5 Bg4xf5
14.Ng3xf5 Ne5f3
{ resign }
0-1

[Event "Tourn. n9503"]
[Site "www.chess-mail.com"]
[Date "2017.10.15"]
[Round "1"]
[White "Dussek"]
[Black "Cjood"]
[WhiteElo "1880"]
[BlackElo "1910"]
[Result "1-0"]
[Round "1"]
1.b3 e5
2.Bc1b2 Nb8c6
3.Nb1c3 f5
4.d3 Ng8f6
5.e4 f4
6.Ng1f3 d6
7.Bf1e2 h6
8.Qd1d2 g5
9.O-O-O Bf8g7
10.g3 Nf6g4
11.Rd1f1 Bc8e6
12.h3 Ng4f6
13.g4 a6
14.d4 exd4
15.Nf3xd4 Nc6xd4
16.Qd2xd4 c5
17.Qd4d1 Rh8g8
18.e5 dxe5
19.Qd1xd8 Ra8xd8
20.f3 Nf6d5
21.Nc3xd5 Be6xd5
22.Rf1d1 Kf8
23.Rh1f1 b5
24.Be2d3 Kf7
25.c4 Bd5c6
26.Bd3e2 Rd8b8
27.Rd1d6 Rb8c8
28.Be2d3 b4
29.Bd3f5 Rc8c7
30.Bf5e6 Ke7
31.Rd6xc6 Rc7xc6
32.Be6xg8 Bg7f6
33.Bg8d5 Rc6d6
34.Rf1e1 e4
35.Re1xe4 Kd7
36.Bb2xf6 Rd6xf6
37.Kb2 Kd6
38.a3 bxa3
39.Kxa3 Kd7
40.Ka4 Rf6b6
41.Re4e5 Rb6b4
42.Ka3 Rb4b6
43.Bd5e4 Kd6
44.Re5d5 Ke6
45.Rd5xc5  { time }
1-0

[Event "Tourn. n9520"]
[Site "www.chess-mail.com"]
[Date "2017.10.15"]
[Round "1"]
[White "Luban"]
[Black "Andychesston"]
[WhiteElo "2120"]
[BlackElo "2050"]
[Result "0-1"]
[Round "1"]
1.d4 d5
2.Ng1f3 Nb8c6
3.h3 e6
4.a3 Ng8f6
5.e3 a6
6.c4 Bf8e7
7.Nb1c3 O-O
8.Bf1d3 dxc4
9.Bd3xc4 b5
10.Bc4a2 Bc8b7
11.O-O Qd8d7
12.b4 Ra8d8
13.Bc1b2 Qd7c8
14.Qd1c2 Nc6b8
15.Rf1e1 Bb7xf3
16.gxf3 Kh8
17.e4 Nf6g8
18.d5 e5
19.Ra1c1 Be7d6
20.Nc3e2 Qc8xh3
21.Ne2g3 g6
22.f4 f6
23.fxe5 fxe5
24.Re1e3 Qh3g4
25.Qc2e2 Qg4g5
26.Re3f3 Ng8f6
27.Rc1c2 Rf8f7
28.Bb2c1 Qg5h4
29.Ng3f1 Rd8f8
30.Rf3g3 Nf6xe4
31.Rg3g2 Rf7f3
32.Rg2h2 Qh4g4
33.Rh2g2 Qg4f5
34.Bc1e3 Nb8d7
35.Ba2b1 Ne4c3
36.Qe2e1 Nc3xb1
37.Qe1xb1 e4
38.Rc2c6 Kg8
39.Rc6xa6 Nd7e5
40.Nf1g3 Rf3xg3
41.Rg2xg3 Ne5f3
42.Kg2 Nf3h4
43.Kh2 Qf5h5
44.Kg1 Bd6xg3
{ resign }
0-1